000 00573nam a2200193Ia 4500
003 OSt
005 20241127142404.0
008 210716s1997 xx 000 0 und d
020 _a0739413619
040 _cAIMIT LIBRARY
041 _aeng
082 _a808.83
_21
_bBAIM
100 _aBaisden, Michael.
_9186860
245 _aMaintenance man:
_bIts midnight, do you know where your woman is /
_cBy Michael Baisden.
250 _a1st ed.
260 _aNew York :
_bSimon & Schuster ;
_c1997.
300 _aix,305p. ;
_bPB
_c21 cm.
942 _2ddc
_cBK
_e1st ed.
_k808.83 BAIM
999 _c203470
_d203470